Villes du "Big Five" Européen de Football - Statistiques

Statistiques générales
  • Ce quiz a été pris 602 fois
  • Le résultat moyen est 57 sur 80
Statistiques - réponses
Club Ville % Correct
Stade "B..." 29 Brest
99%
LOSC Lille
99%
OM Marseille
99%
"A..." SCO Angers
98%
RC "L..." Lens
98%
OL Lyon
98%
PSG Paris
98%
Stade "R..." Rennes
98%
ASSE Saint-Étienne
98%
ASM Monaco
97%
MHSC Montpellier
97%
FC "N..." Nantes
97%
OGC "N..." Nice
97%
Stade de "R..." Reims
97%
TFC Toulouse
97%
AJA Auxerre
95%
Espanyol / FCB Barcelone
94%
Atlético / Getafe / Rayo Vallecano / Real "M..." Madrid
94%
RC "S..." Strasbourg
94%
Bayern "M..." Munich
93%
Borussia "D..." Dortmund
92%
Arsenal / Brentford / Chelsea / Crystal Palace / Fulham / Tottenham / West Ham Londres
92%
FC Union "B..." Berlin
91%
"M..." City "M..." United Manchester
90%
AC "M..." / Inter Milan
88%
"V..." CF Valence
88%
Athletic Club Bilbao
87%
Eintracht "F..." Francfort-sur-le-Main
87%
Everton / "..." FC Liverpool
87%
Real Betis / "S..." FC Séville
87%
Celta "V..." Vigo
87%
Juventus / Torino Turin
86%
AS "R..." / Lazio Rome
85%
Werder "B..." Brême
83%
Bayer "L..." Leverkusen
83%
SSC "N..." Naples
83%
"N..." Forest Nottingham
82%
RB "L..." Leipzig
80%
Atalanta Bergame
77%
Hellas "V..." Vérone
75%
Deportivo "A..." Alavés
74%
"B..." & Hove Albion Brighton
74%
Fiorentina Florence
72%
"L..." City Leicester
72%
VfB "S..." Stuttgart
71%
"N..." United Newcastle
70%
VfL "W..." Wolfsbourg
69%
"L..." AC Le Havre
68%
FSV "M..." 05 Mayence
67%
Genoa Gênes
65%
Aston Villa Birmingham
64%
Real "V..." Valladolid
62%
"W..." Wanderers Wolverhampton
60%
"I..." Town Ipswich
59%
"G..." FC Gérone
58%
"V..." FC Venise
58%
AFC "B..." Bournemouth
56%
Borussia "M..." Mönchengladbach
56%
"V..." CF Vila-real
56%
FC "A..." Augsbourg
55%
CD "L..." Leganés
55%
"B..." FC Bologne
54%
Real Sociedad Saint-Sébastien
54%
"P..." Calcio Parme
50%
SC "F..." Fribourg-en-Brisgau
47%
"C..." 1907 Côme
46%
VfL "B..." Bochum
45%
Sankt Pauli Hambourg
45%
Udinese Udine
41%
AC "M..." Monza
40%
"S..." FC Southampton
39%
Majorque Palma
36%
Holstein "K..." Kiel
35%
"E..." FC Empoli
33%
US "L..." Lecce
33%
"C..." Calcio Cagliari
29%
UD "L..." Las Palmas
29%
Osasuna Pampelune
26%
FC "H..." Heidenheim-sur-la-Brenz
24%
TSG Hoffenheim Sinsheim
6%
Aucun quiz correspondant
Distribution des résultats
% des personnes avec chaque résultat
Percentile par nombre de réponses
Votre historique - résultats
Vous n’avez pas pris ce quiz